<?xml version="1.0" encoding="UTF-8"?>
<record
    xmlns:xsi="http://www.w3.org/2001/XMLSchema-instance"
    xsi:schemaLocation="http://www.loc.gov/MARC21/slim http://www.loc.gov/standards/marcxml/schema/MARC21slim.xsd"
    xmlns="http://www.loc.gov/MARC21/slim">

  <leader>02693nam a22001577a 4500</leader>
  <datafield tag="082" ind1=" " ind2=" ">
    <subfield code="a">621</subfield>
  </datafield>
  <datafield tag="100" ind1=" " ind2=" ">
    <subfield code="a">Mir Afzal,</subfield>
    <subfield code="9">130446</subfield>
  </datafield>
  <datafield tag="245" ind1=" " ind2=" ">
    <subfield code="a">Experimental Investigation of Vortex Induced Vibration Piezoelectric Energy Harvester using Dimpled Structure /</subfield>
    <subfield code="c">Mir Afzal</subfield>
  </datafield>
  <datafield tag="264" ind1=" " ind2=" ">
    <subfield code="a">Islamabad : </subfield>
    <subfield code="b">SMME- NUST; </subfield>
    <subfield code="c">2025.</subfield>
  </datafield>
  <datafield tag="300" ind1=" " ind2=" ">
    <subfield code="a">74p.</subfield>
    <subfield code="b">Soft Copy</subfield>
    <subfield code="c">30cm</subfield>
  </datafield>
  <datafield tag="500" ind1=" " ind2=" ">
    <subfield code="a">The growing demand for sustainable energy solutions for autonomous IoT sensors and
remote monitoring devices has driven interest in piezoelectric energy harvesting from
ambient fluid flows. This study investigates wake-induced vibrations from PVDF
piezoelectric flags positioned behind dimpled circular cylinders compared to smooth
baseline configurations. Comprehensive water tunnel experiments tested a 25 mm
diameter cylinder at flow velocities of 0.15-0.30 m/s (Reynolds numbers 3500-11500).
Nine dimpled configurations were evaluated, featuring three dimple diameters (9, 11, and
13mm) arranged in 3, 4, and 5 columns. Flag was positioned at streamwise gaps of 1D3D downstream. Data acquisition included real-time measurements of voltage, high
velocity analysis of video, and Particle Image Velocimetry (PIV) for wake
characterization. Smooth circular cylinders significantly outperformed all dimpled
configurations and achieved peak power output of 15.2 &#x3BC;W at 2D spacing and 0.30 m/s,
maintaining optimal wake width. Performance degraded systematically among dimpled
configurations: 3-column arrangements outperformed 4-column designs, which exceeded
5-column configurations, while smaller dimples consistently outperformed larger ones.
The best dimpled cylinder (3-column, 9mm dimples) achieved only 91.45% of smooth
cylinder performance, while the worst configuration (5-column, 13mm dimples)
delivered merely 59.41% of baseline output. PIV analysis revealed dimple-induced
boundary layer energization promotes premature flow reattachment, reducing wake width
and vortex formation length, thus diminishing downstream energy availability. Optimal
energy harvesting occurs at 1.5D-2.5D spacing, peaking at 2D regardless of
configuration. These findings provide critical design guidance for marine sensors,
structural health monitoring, and autonomous underwater vehicles, demonstrating that
smooth cylinders optimize VIV energy harvesting. This research advances understanding
of fluid-structure interactions in energy harvesting and provides practical guidelines for
sustainable micro-power generation systems.</subfield>
  </datafield>
  <datafield tag="650" ind1=" " ind2=" ">
    <subfield code="a">MS Mechanical Engineering      </subfield>
  </datafield>
  <datafield tag="700" ind1=" " ind2=" ">
    <subfield code="a">Supervisor : DR. EMAD UD DIN</subfield>
    <subfield code="9">119531</subfield>
  </datafield>
  <datafield tag="856" ind1=" " ind2=" ">
    <subfield code="u">http://10.250.8.41:8080/xmlui/handle/123456789/54443</subfield>
  </datafield>
  <datafield tag="942" ind1=" " ind2=" ">
    <subfield code="2">ddc</subfield>
    <subfield code="c">THE</subfield>
  </datafield>
  <datafield tag="999" ind1=" " ind2=" ">
    <subfield code="c">614607</subfield>
    <subfield code="d">614607</subfield>
  </datafield>
  <datafield tag="952" ind1=" " ind2=" ">
    <subfield code="0">0</subfield>
    <subfield code="1">0</subfield>
    <subfield code="4">0</subfield>
    <subfield code="7">0</subfield>
    <subfield code="a">SMME</subfield>
    <subfield code="b">SMME</subfield>
    <subfield code="c">EB</subfield>
    <subfield code="d">2025-09-01</subfield>
    <subfield code="l">0</subfield>
    <subfield code="o">621</subfield>
    <subfield code="p">SMME-TH-1147</subfield>
    <subfield code="r">2025-09-01</subfield>
    <subfield code="w">2025-09-01</subfield>
    <subfield code="y">THE</subfield>
  </datafield>
</record>
